El sentido del Derecho. Historia y significado de la idea del sistema en la jurisprudencia.

Saved in:
Bibliographic Details
Main Author: Coing, Helmuth (autor)
Other Authors: Hartman, Robert S. (traducción), González, José Luis (traducción)
Format: Book
Language:English
Published: México, D.F., México: Centro de Estudios Filosóficos; Universidad Nacional Autónoma de México, 1959.
Edition:Primera edición en español.
Series:Cuaderno, 1.
Subjects:
Tags: Add Tag
No Tags, Be the first to tag this record!

MARC

LEADER 00000nam a22000007a 4500
003 CL-VaPUC
005 20220822114425.0
008 220307t1959 ||||| |||| 00| 0 eng d
999 |c 434721  |d 434719 
040 |c Pontificia Universidad Católica de Valparaíso 
082 0 4 |2 22  |a 340.1 COI 1959 
100 1 |a Coing, Helmuth  |9 621950  |e autor 
245 1 3 |a El sentido del Derecho.   |b Historia y significado de la idea del sistema en la jurisprudencia.  
250 |a Primera edición en español.  
260 |a México, D.F., México:   |b Centro de Estudios Filosóficos;   |b Universidad Nacional Autónoma de México,   |c 1959. 
300 |a 36 páginas.  
490 0 |a Cuaderno,   |v  1. 
500 |a c.1 Donación Familia Prof. Alejandro Guzmán Brito. 
583 |c 20220307  |k Yessy Stephany Diaz Vidal 
650 1 |a Filosofía del derecho  |9 255050 
650 1 |a Historia del derecho  |x Jurisprudencia  |9 869846 
700 |a Hartman, Robert S.  |e traducción  |9 869847 
700 |a González, José Luis  |e traducción  |9 869848 
942 |2 ddc  |c BK  |n 0 
952 |0 0  |1 0  |2 ddc  |4 0  |6 340_100000000000000_COI_1959  |7 0  |8 C_AGB  |9 581678  |a BIBDER  |b BIBDER  |d 2022-03-07  |e Donación   |i 5649706  |o 340.1 COI 1959  |p 5649706  |r 2023-01-25  |t 1  |w 2022-03-07  |y BK_US  |k AGB